Villes aléatoires sur une carte par lettre - A - Statistiques

Statistiques générales
  • Ce quiz a été pris 1 942 fois
  • Le résultat moyen est 6 sur 10
Réponses sur la Carte
Les réponses sont colorées sur une échelle allant du rouge au vert en fonction du pourcentage des utilisateurs qui les ont devinées à leur premier essai. Vous pouvez retrouver ces pourcentages ci-dessous.
 
Statistiques - réponses
Ville % Correct
Alger
96%
Amsterdam
95%
Ankara
92%
Athènes
92%
Antananarivo
73%
Anvers
73%
Alexandrie
72%
Abou Dabi
71%
Asunción
68%
Addis-Abeba
65%
Atlanta
65%
Auckland
57%
Amman
56%
Austin
53%
Abuja
52%
Accra
52%
Aberdeen
49%
Adélaïde
48%
Anchorage
41%
Achgabat
40%
Alep
35%
Aden
19%
Agra
17%
Ahmedabad
16%
Almaty
13%
Aucun quiz correspondant
Distribution des résultats
% des personnes avec chaque résultat
Percentile par nombre de réponses
Votre historique - résultats
Vous n’avez pas pris ce quiz